| 000 | 00764nam a2200193 4500 | ||
|---|---|---|---|
| 003 | LK-CoMWRAF | ||
| 005 | 20240103125000.0 | ||
| 008 | 231214b |||||||| |||| 00| 0 eng d | ||
| 020 | _a9789551772581 | ||
| 040 |
_aLK-CoMWRAF _dLK-CoMWRAF _eLK-CoMWRAF |
||
| 041 | _asin | ||
| 082 |
_a303.48 _bATH |
||
| 100 | _aඅත්තනපොළ, චමිලා | ||
| 245 | _aසමාජ-ලිංගිකත්වය හා පශ්චාත්-සුනාමි ප්රතිසාධනය | ||
| 246 | _aSamaja-lingikathwaya ha pushchath-sunami prathisadhanaya | ||
| 260 |
_aකොළඹ : _bසමාජ විද්යාඥයින්ගේ සංගමය _c2009 |
||
| 650 | _aසුනාමි ප්රතිසාධනය | ||
| 942 | _cBK | ||
| 999 |
_c4435 _d4435 |
||